[Event "Open Oberwart  2001"]
[Site "Oberwart (Burgenland/Austria)"]
[Date "2001.07.13"]
[Round "7"]
[White "Wittmann, Walter"]
[Black "Broekman, Willem"]
[Result "1-0"]
[WhiteElo "2352"]
[BlackElo "2192"]
[PlyCount "81"]
[EventDate "2001.07.13"]

1. e4 e6 2. d4 d5 3. Nd2 Nf6 4. e5 Nfd7 5. Bd3 c5 6. c3 Nc6 7. Ne2 cxd4 8. cxd4
f6 9. exf6 Nxf6 10. O-O Bd6 11. Nf3 O-O 12. Bf4 Bxf4 13. Nxf4 Ne4 14. Qc1 Ng5
15. Nxg5 Qxg5 16. Ne2 Qf6 17. Qe3 Bd7 18. Bb5 Rae8 19. f4 Re7 20. Bxc6 Bxc6 21.
Rf3 Qf5 22. Rc1 Qe4 23. Qd2 h6 24. Re3 Qg6 25. Re1 Qf6 26. Rf3 Be8 27. Nc3 Bh5
28. Rf2 Bg6 29. Re5 Rc7 30. Qe3 Rc6 31. h3 { } 31... Bf5 32. g4 Be4 33. Nxe4
dxe4 34. Qxe4 Rd8 35. f5 exf5 36. Rexf5 Rc1+ 37. Kg2 Qc6 38. d5 Qd6 39. Rf6 Qd7
40. Rf7 Qd6 41. R2f6 1-0

[Event "Open Oberwart  2001"]
[Site "Oberwart (Burgenland/Austria)"]
[Date "2001.07.13"]
[Round "7"]
[White "Fucak, Emilijo"]
[Black "Huber, Wolfgang"]
[Result "1-0"]
[WhiteElo "2341"]
[BlackElo "2131"]
[Annotator "FRITZ 6"]
[PlyCount "51"]
[EventDate "2001.07.13"]

1. e4 c6 2. d3 g6 3. g3 Bg7 4. Bg2 e5 5. Nf3 d6 6. O-O Ne7 7. Be3 O-O 8. d4 f5
9. dxe5 fxe4 10. exd6 { } 10... Bg4 (10... exf3 11. dxe7 Qxe7 12. Bxf3 12...
Bxb2 $18) 11. Bg5 Re8 12. Bxe7 Qd7 13. Nc3 exf3 14. Bxf3 Bh3 15. Re1 Qf5 16.
Be4 Qf7 17. Nd5 Na6 18. Nf4 Bd7 19. c3 Nc5 20. Bc2 Kh8 21. Qf3 Bf5 22. Bxf5
Qxf5 23. Qe3 h6 24. Rad1 Nd7 25. h4 h5 26. Qe6 1-0

[Event "Open Oberwart  2001"]
[Site "Oberwart (Burgenland/Austria)"]
[Date "2001.07.13"]
[Round "7"]
[White "Rudolf, Herbert"]
[Black "Dueckstein, Andreas"]
[Result "1/2-1/2"]
[WhiteElo "2205"]
[BlackElo "2316"]
[PlyCount "35"]
[EventDate "2001.07.13"]

1. c4 e5 2. Nc3 Nf6 3. Nf3 Nc6 4. g3 d5 5. cxd5 Nxd5 6. Bg2 Be6 7. O-O Be7 8.
d4 exd4 9. Nxd4 Nxc3 10. bxc3 Nxd4 11. cxd4 c6 12. Rb1 Qd7 13. Qc2 O-O 14. Rd1
Rac8 15. e4 Rfd8 16. Be3 b6 17. Qd2 Bg4 18. Rdc1 {.} 1/2-1/2

[Event "Open Oberwart  2001"]
[Site "Oberwart (Burgenland/Austria)"]
[Date "2001.07.13"]
[Round "7"]
[White "Vukovic, Ivo"]
[Black "Zsifkovits, Robert"]
[Result "1/2-1/2"]
[WhiteElo "2310"]
[BlackElo "2131"]
[PlyCount "81"]
[EventDate "2001.07.13"]

1. Nf3 c5 2. e4 e6 3. d3 Nc6 4. g3 g6 5. Bg2 Bg7 6. O-O Nge7 7. c3 d6 8. Be3 b6
9. Qc1 Bb7 10. Bh6 O-O 11. Bxg7 Kxg7 12. Nbd2 Rc8 13. Re1 Qc7 14. Qc2 Rfd8 15.
Rac1 Qb8 16. Nf1 Ne5 17. Rcd1 Nxf3+ 18. Bxf3 d5 19. e5 b5 20. Qb3 Ba8 21. d4 a5
22. a3 a4 23. Qa2 cxd4 24. cxd4 Qb6 25. Qb1 Rc4 26. Qd3 Nc6 27. Qe3 Rxd4 28.
Rc1 Rb8 29. h4 Rc4 30. Qg5 Qd8 31. Qd2 Nd4 32. Bd1 Rbc8 33. Rc3 Rxc3 34. bxc3
Nf5 35. Ne3 Nxe3 36. Rxe3 h5 37. Be2 Qe7 38. Qb2 Bc6 39. Rd3 Qc5 40. Re3 Be8
41. Rd3 { } 1/2-1/2

[Event "Open Oberwart  2001"]
[Site "Oberwart (Burgenland/Austria)"]
[Date "2001.07.13"]
[Round "7"]
[White "Jurkovic, Ante"]
[Black "Vodep, Otto"]
[Result "1-0"]
[WhiteElo "2308"]
[BlackElo "2121"]
[PlyCount "165"]
[EventDate "2001.07.13"]

1. e4 c6 2. d4 d5 3. Nd2 dxe4 4. Nxe4 Bf5 5. Ng3 Bg6 6. h4 h6 7. Nf3 Nf6 8. h5
Bh7 9. Bd3 Bxd3 10. Qxd3 e6 11. Bd2 Be7 12. O-O-O O-O 13. Kb1 c5 14. Bc1 Nc6
15. Qc4 Qd5 16. Qxd5 Nxd5 17. Ne4 cxd4 18. Nxd4 Nxd4 19. Rxd4 Rfd8 20. Rhd1 f5
21. Ng3 Nf6 22. Bf4 Rxd4 23. Rxd4 Rd8 24. Be3 a6 25. Kc1 Kf7 26. Kd1 Rxd4+ 27.
Bxd4 Bd6 28. Bxf6 Kxf6 29. Ne2 Kg5 30. Nd4 e5 31. Ne6+ Kf6 32. Nd8 b6 33. a3 a5
34. a4 Bc7 35. Nc6 Ke6 36. f3 Kd5 37. Na7 e4 38. Ke2 Be5 39. b3 exf3+ 40. Kxf3
Ke6 41. Nc6 Bc3 42. Ke3 Kf6 43. Kd3 Be1 44. Nd4 Bg3 45. Nf3 Bd6 46. Kc4 Bc7 47.
Kd5 Bd8 48. c3 Be7 49. Kc6 Bc5 50. Kd5 Be7 51. Nd4 Kg5 52. Ne6+ Kg4 53. Kc6 Bf6
54. b4 Bxc3 55. b5 Kxh5 56. Kxb6 g5 57. Kc6 Be5 58. b6 f4 59. Nc7 Bd4 60. b7
Ba7 61. Nb5 Bb8 62. Kd7 g4 63. Kc8 f3 64. gxf3 gxf3 65. Kxb8 f2 66. Ka7 f1=Q
67. b8=Q Qe1 68. Ka6 Kg5 69. Qd8+ Kg6 70. Qxa5 Qxa5+ 71. Kxa5 h5 72. Nd4 h4 73.
Nf3 h3 74. Kb4 Kf5 75. a5 Kf4 76. a6 Kxf3 77. a7 Kg2 78. a8=Q+ Kg1 79. Qg8+ Kh1
80. Qd5+ Kg1 81. Qd4+ Kh1 82. Qe4+ Kh2 83. Qg4 {.} 1-0

[Event "Open Oberwart  2001"]
[Site "Oberwart (Burgenland/Austria)"]
[Date "2001.07.13"]
[Round "7"]
[White "Groetz, Harald"]
[Black "Halser, Walter"]
[Result "1/2-1/2"]
[WhiteElo "2305"]
[BlackElo "2119"]
[Annotator "FRITZ 6"]
[PlyCount "103"]
[EventDate "2001.07.13"]

1. e4 e5 2. Nf3 Nc6 3. Bb5 Bc5 4. c3 Bb6 5. O-O Nf6 6. d4 O-O 7. Bg5 d6 8. Bxc6
bxc6 9. dxe5 dxe5 10. Qa4 Qe8 11. Na3 Bg4 12. Rad1 Bxf3 13. gxf3 Qe6 14. Qc4
Qh3 15. Qe2 15... Nh5 { } 16. f4 exf4 17. Rd3 Ng3 18. Qd1 Qxf1+ 19. Qxf1 Nxf1
20. Kxf1 f6 21. Bxf4 Rad8 22. Rxd8 Rxd8 23. Ke2 g5 24. Bg3 h5 25. f3 Kf7 26.
Nc4 h4 27. Be1 Ke6 28. Bd2 h3 29. Be1 f5 30. exf5+ Kxf5 31. Bg3 Rd7 32. b4 a6
33. a4 Bg1 34. Ne5 Re7 35. Kf1 Bxh2 36. Nxc6 Bxg3 37. Nxe7+ Kf4 38. Nc6 Kxf3
39. Nd4+ Ke4 40. b5 axb5 (40... a5 $19) 41. a5 Bd6 42. Ne6 c5 43. Nxg5+ Kd5 44.
Nxh3 Be5 45. Nf2 Bxc3 46. a6 Kc6 47. Ne4 Bd4 48. a7 Kb7 49. Nd6+ Kxa7 50. Nxb5+
Kb6 51. Nxd4 cxd4 52. Ke2 1/2-1/2

[Event "Open Oberwart  2001"]
[Site "Oberwart (Burgenland/Austria)"]
[Date "2001.07.13"]
[Round "7"]
[White "Petrovic, Silvije"]
[Black "Csonka, Attila"]
[Result "1-0"]
[WhiteElo "2175"]
[BlackElo "2300"]
[PlyCount "89"]
[EventDate "2001.07.13"]

1. Nf3 c5 2. g3 b6 3. Bg2 Bb7 4. O-O Nf6 5. d3 d6 6. e4 Nbd7 7. Nbd2 g6 8. Qe2
e5 9. a4 Bg7 10. Nc4 Qc7 11. Nh4 O-O 12. f4 Rae8 13. f5 d5 14. Ne3 dxe4 15.
dxe4 Nb8 16. Nd5 Bxd5 17. exd5 c4 18. b3 Rc8 19. Ba3 Rfe8 20. fxg6 hxg6 21. d6
Qd7 22. Rad1 Nc6 23. Nxg6 fxg6 24. Qxc4+ Re6 25. Bh3 Nd8 26. Qh4 Rxc2 27. Rc1
Rxc1 28. Rxc1 e4 29. Rc7 29... Qe8 { } 30. Re7 Rxe7 31. dxe7 Nf7 32. Be6 Qc6
33. Bc4 Qd7 34. Qf4 Qd1+ 35. Kg2 Qf3+ 36. Qxf3 exf3+ 37. Kxf3 Ne8 38. Bb5 Ne5+
39. Ke4 Kf7 40. Bb2 Nd6+ 41. Kd5 Nxb5 42. axb5 Ng4 43. e8=Q+ Kxe8 44. Bxg7 Nxh2
45. Kc6 1-0

[Event "Open Oberwart  2001"]
[Site "Oberwart (Burgenland/Austria)"]
[Date "2001.07.14"]
[Round "8"]
[White "Burmakin, Vladimir"]
[Black "Zelcic, Robert"]
[Result "1/2-1/2"]
[WhiteElo "2593"]
[BlackElo "2534"]
[PlyCount "115"]
[EventDate "2001.07.14"]

1. d4 Nf6 2. Nf3 d5 3. c4 e6 4. Nc3 c5 5. cxd5 Nxd5 6. e4 cxd4 7. Qxd4 Nc6 8.
Bb5 Nxc3 9. Qxc3 Bd7 10. O-O Qb6 11. a4 Qc5 12. Qd3 Qd6 13. Qe2 Qc7 14. Be3 a6
15. Bxc6 Bxc6 16. Bd4 Qf4 17. Rfe1 Bb4 18. g3 Qh6 19. Rec1 O-O 20. Ne5 Bxa4 21.
Ng4 Qd2 22. Nf6+ gxf6 23. Qg4+ Qg5 24. Qxg5+ fxg5 25. Rxa4 a5 26. Rc7 Rfd8 27.
Bb6 Rd1+ 28. Kg2 g4 29. Rxb7 Rb1 30. Ra2 Rc8 31. Rc7 Rd8 32. Rc1 Rxc1 33. Bxd8
Rc5 34. b3 Kg7 35. Be7 Rc3 36. Bd8 Rc5 37. Be7 Re5 38. Bxb4 axb4 39. Re2 h5 40.
f3 gxf3+ 41. Kxf3 Rc5 42. Kf4 Kg6 43. h3 e5+ 44. Kf3 Kg5 45. h4+ Kg6 46. Re3 f5
47. Ke2 Rc1 48. Rd3 fxe4 49. Rd6+ Kf5 50. Rh6 Rc2+ 51. Kd1 Rc3 52. Rxh5+ Ke6
53. Rh6+ Kd5 54. Rb6 Rxb3 55. h5 e3 56. h6 e2+ 57. Kxe2 Rxg3 58. Rxb4 {.}
1/2-1/2

[Event "Open Oberwart  2001"]
[Site "Oberwart (Burgenland/Austria)"]
[Date "2001.07.14"]
[Round "8"]
[White "Ulibin, Mikhail"]
[Black "Moser, Eva"]
[Result "1-0"]
[WhiteElo "2583"]
[BlackElo "2361"]
[Annotator "FRITZ 6"]
[PlyCount "71"]
[EventDate "2001.07.14"]

1. e4 c5 2. Nf3 Nc6 3. d4 cxd4 4. Nxd4 Nf6 5. Nc3 e5 6. Ndb5 d6 7. Bg5 a6 8.
Na3 b5 9. Nd5 Be7 10. Bxf6 Bxf6 11. c3 Rb8 12. Nc2 Bg5 13. g3 O-O 14. Bg2 Ne7
15. Ncb4 Bb7 16. h4 Bh6 17. Qd3 a5 18. Nxe7+ Qxe7 19. Nd5 Bxd5 20. Qxd5 Qe6 21.
Qd3 Qc4 22. Qxc4 bxc4 23. Rb1 Rb5 24. a4 Rc5 25. g4 f6 26. Kd1 g6 27. Kc2 { }
27... f5 28. exf5 d5 29. Rbd1 d4 30. g5 d3+ 31. Kc1 Bg7 (31... Rxf5 32. gxh6
Rxf2 33. Rd2 Rf4 34. Re1 Rxh4) 32. f6 Bh8 33. Be4 Kf7 34. h5 Ke6 35. hxg6 hxg6
36. Rh6 1-0

[Event "Open Oberwart  2001"]
[Site "Oberwart (Burgenland/Austria)"]
[Date "2001.07.14"]
[Round "8"]
[White "Dvoirys, Semen"]
[Black "Krivoshey, Sergei"]
[Result "1-0"]
[WhiteElo "2578"]
[BlackElo "2449"]
[PlyCount "131"]
[EventDate "2001.07.14"]

1. e4 c5 2. Nf3 Nc6 3. d4 cxd4 4. Nxd4 g6 5. c4 Nf6 6. Nc3 d6 7. Be2 Nxd4 8.
Qxd4 Bg7 9. Be3 O-O 10. Qd2 Be6 11. O-O Qa5 12. Rfc1 Rfc8 13. b3 a6 14. a4 Ng4
15. Bxg4 Bxg4 16. Bd4 Bxd4 17. Qxd4 Be6 18. Re1 Qd8 19. Re3 Qf8 20. Rae1 Qg7
21. Qb6 Rab8 22. Nd5 Kf8 23. h3 Bxd5 24. exd5 Qf6 25. a5 Rc5 26. Re4 Rcc8 27.
Kf1 Rc5 28. b4 Rcc8 29. Rxe7 Rxc4 30. Rc7 Rxc7 31. Qxc7 Qd8 32. Qc3 Kg8 33. Re4
b6 34. axb6 Qxb6 35. Kg1 Qb7 36. Qd4 Qd7 37. Qf6 Rf8 38. Re7 Qd8 39. g3 Qb6 40.
Qf4 Kg7 41. Rd7 a5 42. bxa5 Qxa5 43. Rxd6 Qa1+ 44. Kg2 Re8 45. Rd7 Qf6 46. Qd2
Re4 47. Qd3 Rd4 48. Qe3 Rd1 49. Qe2 Rd4 50. Qe3 Rd1 51. h4 Qf5 52. Qe6 Qf6 53.
h5 gxh5 54. Qe2 Rd4 55. Qxh5 h6 56. Qe2 Qf5 57. Qe6 Qe4+ 58. Kh2 Qf3 59. Qe5+
Qf6 60. Qe3 Rd1 61. Kg2 Qg6 62. Qe5+ Kh7 63. Qe8 Kg7 64. Rd8 Qf5 65. Qh8+ Kg6
66. Rg8+ {.} 1-0

[Event "Open Oberwart  2001"]
[Site "Oberwart (Burgenland/Austria)"]
[Date "2001.07.14"]
[Round "8"]
[White "Palac, Mladen"]
[Black "Farago, Ivan"]
[Result "1-0"]
[WhiteElo "2578"]
[BlackElo "2504"]
[PlyCount "97"]
[EventDate "2001.07.14"]

1. e4 c5 2. Nf3 e6 3. d4 cxd4 4. Nxd4 a6 5. Bd3 Nf6 6. O-O Qc7 7. Qe2 d6 8. c4
g6 9. Nc3 Bg7 10. Rd1 O-O 11. Nf3 Nc6 12. h3 Nd7 13. Bf4 Nce5 14. Nxe5 Nxe5 15.
Rac1 b6 16. b3 Bb7 17. Bb1 f5 18. Qd2 Rfd8 19. Bg5 Rd7 20. Be3 Rb8 21. Bd4 Rdd8
22. f4 Nf7 23. Bxg7 Kxg7 24. exf5 exf5 25. Nd5 Bxd5 26. cxd5 Qd7 27. Rc6 Qe7
28. Re1 Qf6 29. Re6 Qa1 30. Kh2 Rdc8 31. Re1 Qf6 32. Re6 Qa1 33. Re1 Qf6 34.
Bd3 Qd4 35. Rec1 { } 35... Rxc6 36. dxc6 d5 37. c7 Rc8 38. Qc3 Qxc3 39. Rxc3 b5
40. Rc6 Kf8 41. a4 Ke7 42. axb5 axb5 43. Bxb5 Kd7 44. Rf6+ Ke7 45. Rc6 Kd7 46.
Rxg6+ Kxc7 47. Rg7 Kb6 48. Bd7 Rf8 49. Be6 1-0

[Event "Open Oberwart  2001"]
[Site "Oberwart (Burgenland/Austria)"]
[Date "2001.07.14"]
[Round "8"]
[White "Loginov, Valery"]
[Black "Ruck, Robert"]
[Result "1/2-1/2"]
[WhiteElo "2507"]
[BlackElo "2573"]
[PlyCount "46"]
[EventDate "2001.07.14"]

1. d4 Nf6 2. Nf3 g6 3. c4 Bg7 4. g3 d5 5. cxd5 Nxd5 6. Bg2 Nb6 7. Nc3 Nc6 8. e3
O-O 9. O-O Re8 10. Nd2 e5 11. d5 Nb4 12. e4 c6 13. Nb3 cxd5 14. a3 d4 15. axb4
dxc3 16. Qxd8 Rxd8 17. bxc3 Nc4 18. Na5 Nxa5 19. Rxa5 Be6 20. Be3 a6 21. Rc1
Rac8 22. b5 axb5 23. Rxb5 23... Rd3 {.} 1/2-1/2

[Event "Open Oberwart  2001"]
[Site "Oberwart (Burgenland/Austria)"]
[Date "2001.07.14"]
[Round "8"]
[White "Dobrov, Vladimir"]
[Black "Gleizerov, Evgeny"]
[Result "1-0"]
[WhiteElo "2409"]
[BlackElo "2587"]
[PlyCount "83"]
[EventDate "2001.07.14"]

1. d4 e6 2. c4 f5 3. g3 Nf6 4. Bg2 c6 5. Nh3 d5 6. O-O Bd6 7. Bf4 O-O 8. Nd2
Be7 9. Qc2 Na6 10. Rfd1 h6 11. f3 g5 12. Be3 Bd7 13. a3 Be8 14. Kh1 Bg6 15. b4
Nc7 16. Bg1 Kg7 17. e4 fxe4 18. fxe4 Nce8 19. Qb3 dxe4 20. Nf2 Nd6 21. Re1 Nf5
22. Nfxe4 Nxd4 23. Qb2 e5 24. c5 Kh7 25. Nc4 Bxe4 26. Rxe4 Nxe4 27. Bxe4+ Kg8
28. Nxe5 Nb5 29. Qb3+ Kg7 30. Rd1 Qc7 31. Ng4 Qc8 32. Ne3 { } 32... Bf6 33.
Nf5+ Kh8 34. Nd6 Nxd6 35. Rxd6 Qg4 36. Qd3 Bg7 37. Bd4 Rf1+ 38. Kg2 Rd1 39.
Rxh6+ Kg8 40. Qc4+ Kf8 41. Bxg7+ Kxg7 42. Qc3+ 1-0

[Event "Open Oberwart  2001"]
[Site "Oberwart (Burgenland/Austria)"]
[Date "2001.07.14"]
[Round "8"]
[White "Stanec, Nikolaus"]
[Black "Horvath, Peter"]
[Result "0-1"]
[WhiteElo "2530"]
[BlackElo "2441"]
[Annotator "FRITZ 6"]
[PlyCount "92"]
[EventDate "2001.07.14"]

1. Nf3 Nf6 2. c4 e6 3. g3 d5 4. Bg2 Be7 5. O-O O-O 6. b3 c5 7. Bb2 Nc6 8. e3 d4
9. exd4 cxd4 10. Re1 Ne8 11. Ne5 Nxe5 12. Rxe5 f6 13. Re1 e5 14. d3 Rb8 15. Nd2
Kh8 16. a3 b5 17. b4 bxc4 18. Nxc4 Bb7 19. Bxb7 Rxb7 20. Na5 Rb6 21. Qf3 Qd7
22. Rac1 Nc7 23. Rc4 Ne6 24. Bc1 Bd6 25. Bd2 f5 26. Rec1 f4 27. Qg4 Qf7 28. Rc8
Rb8 29. Rxf8+ Rxf8 30. Nc4 Bb8 31. Re1 h5 32. Qe2 Ng5 33. gxf4 exf4 34. f3 Qd5
35. Kf2 Qf5 36. h4 Nh7 (36... Nh3+ 37. Kg2 37... Qg6+ $17) 37. Qe4 Qh3 38. Ke2
Nf6 39. Qxd4 Qg2+ 40. Kd1 Qxf3+ 41. Kc2 Qg3 42. Bc3 Qxh4 43. Ne5 Bxe5 44. Rxe5
Qg4 45. Qxa7 45... f3 { } 46. Re1 Qg2+ 0-1

[Event "Open Oberwart  2001"]
[Site "Oberwart (Burgenland/Austria)"]
[Date "2001.07.14"]
[Round "8"]
[White "Mohsen, Khaled"]
[Black "Lalic, Bogdan"]
[Result "0-1"]
[WhiteElo "2355"]
[BlackElo "2528"]
[PlyCount "58"]
[EventDate "2001.07.14"]

1. d4 Nf6 2. c4 e6 3. Nf3 b6 4. Nc3 Bb4 5. Bg5 Bb7 6. e3 h6 7. Bh4 g5 8. Bg3
Ne4 9. Rc1 Bxc3+ 10. bxc3 d6 11. h4 Rg8 12. Qc2 Nd7 13. Bh2 Qe7 14. hxg5 hxg5
15. Nd2 Nxd2 16. Kxd2 O-O-O 17. e4 f5 18. exf5 exf5 19. Bd3 f4 20. Rhe1 20...
Qf7 { } 21. Bf5 Rh8 22. Bg1 Bxg2 23. Qd3 Kb8 24. Bxd7 Qxd7 25. Qg6 Rhg8 26. Qh6
Qa4 27. Kd3 d5 28. cxd5 Rxd5 29. c4 Qa3+ 0-1

[Event "Open Oberwart  2001"]
[Site "Oberwart (Burgenland/Austria)"]
[Date "2001.07.14"]
[Round "8"]
[White "Golubovic, Boris"]
[Black "Bannink, Bernard"]
[Result "1-0"]
[WhiteElo "2465"]
[BlackElo "2246"]
[PlyCount "61"]
[EventDate "2001.07.14"]

1. d4 d5 2. c4 c6 3. Nf3 Nf6 4. cxd5 cxd5 5. Nc3 Nc6 6. Bf4 Ne4 7. e3 Nxc3 8.
bxc3 e6 9. Bd3 Be7 10. O-O O-O 11. e4 b6 12. Re1 dxe4 13. Bxe4 Bb7 14. c4 Bf6
15. Rc1 Na5 16. d5 { } 16... Nxc4 17. Rxc4 exd5 18. Bc7 Qd7 19. Rc2 Bc6 20. Bf5
Qxc7 21. Qc1 Rfe8 22. Rxc6 Rxe1+ 23. Nxe1 Qe7 24. Rc8+ Rxc8 25. Qxc8+ Qd8 26.
Qxd8+ Bxd8 27. Bc2 b5 28. Bb3 d4 29. Kf1 a5 30. Ke2 a4 31. Bc2 1-0

[Event "Open Oberwart  2001"]
[Site "Oberwart (Burgenland/Austria)"]
[Date "2001.07.14"]
[Round "8"]
[White "Kovacs, Gabor"]
[Black "Rogulj, Branko"]
[Result "1/2-1/2"]
[WhiteElo "2402"]
[BlackElo "2460"]
[PlyCount "69"]
[EventDate "2001.07.14"]

1. c4 c5 2. Nf3 Nf6 3. b3 g6 4. Bb2 Bg7 5. g3 d6 6. Bg2 e5 7. O-O O-O 8. Nc3 h6
9. Ne1 Nc6 10. Nc2 Be6 11. Ne3 Qd7 12. Ncd5 Nh7 13. f4 f5 14. Bc3 Rae8 15. a3
Nd4 16. Rf2 e4 17. Rc1 Nf6 18. Nxf6+ Bxf6 19. d3 exd3 20. Qxd3 Nxb3 21. Rb1
Bxc3 22. Qxc3 Nd4 23. Rxb7 Qa4 24. Qd3 Rb8 25. Rf1 Rxb7 26. Bxb7 Rb8 27. Rb1
Qd7 28. Bf3 Rb6 29. Kf2 Qa4 30. Rxb6 axb6 31. Bd5 Qe8 32. Bxe6+ Qxe6 33. a4 Qe8
34. Nd5 Qxa4 35. Nxb6 {.} 1/2-1/2

[Event "Open Oberwart  2001"]
[Site "Oberwart (Burgenland/Austria)"]
[Date "2001.07.14"]
[Round "8"]
[White "Fercec, Nenad"]
[Black "Freitag, Manfred"]
[Result "1-0"]
[WhiteElo "2456"]
[BlackElo "2384"]
[PlyCount "101"]
[EventDate "2001.07.14"]

1. e4 c5 2. Nf3 d6 3. d4 cxd4 4. Nxd4 Nf6 5. Nc3 a6 6. Bg5 e6 7. f4 Be7 8. Qf3
Qc7 9. O-O-O Nbd7 10. g4 b5 11. Bxf6 Nxf6 12. g5 Nd7 13. f5 Bxg5+ 14. Kb1 Ne5
15. Qh5 Qd8 16. h4 Bf6 17. fxe6 O-O 18. Bh3 Kh8 19. Nd5 fxe6 20. Bxe6 g6 21.
Qe2 { } 21... h5 22. Bxc8 Qxc8 23. Nb6 Qg4 24. Nxa8 Rxa8 25. Rhg1 Qxe2 26. Nxe2
Be7 27. Nf4 Kh7 28. Ne6 Rc8 29. c3 Rc4 30. Ng5+ Kg7 31. Rg3 Bxg5 32. hxg5 Nf7
33. Rd4 Rc5 34. Rd5 h4 35. Rg4 h3 36. Rxc5 dxc5 37. Rh4 Nxg5 38. Kc2 Kf6 39.
Kd3 Ke5 40. Ke3 c4 41. Rh8 h2 42. Rxh2 Nxe4 43. Rh6 Ng3 44. Rxg6 Nf5+ 45. Kf2
Nd6 46. Kf3 Kd5 47. Rg5+ Kc6 48. Ke3 Nc8 49. Rg6+ Kb7 50. Kd4 Nb6 51. Rg7+ 1-0

[Event "Open Oberwart  2001"]
[Site "Oberwart (Burgenland/Austria)"]
[Date "2001.07.14"]
[Round "8"]
[White "Kupreichik, Viktor"]
[Black "Fucak, Emilijo"]
[Result "1/2-1/2"]
[WhiteElo "2443"]
[BlackElo "2341"]
[PlyCount "82"]
[EventDate "2001.07.14"]

1. e4 e6 2. d4 d5 3. Nc3 Bb4 4. e5 b6 5. Qg4 g6 6. Bd2 Ba6 7. Bxa6 Nxa6 8. Qe2
Qc8 9. Nf3 h6 10. O-O Kf8 11. Nb5 Bxd2 12. Nxd2 Qd7 13. a4 c6 14. Nd6 Nc7 15.
a5 b5 16. a6 Ne7 17. Nb3 Nf5 18. Nb7 Nxa6 19. Rxa6 Qxb7 20. Rfa1 Ne7 21. Qf3
Kg7 22. Qf6+ Kg8 23. R1a3 h5 24. Nc5 Qc7 25. Rc3 Rh7 26. Nd3 Qb7 27. Rca3 Rg7
28. h4 Nf5 29. Nc5 Qc7 30. Rxa7 Rxa7 31. Rxa7 Qxa7 32. Qd8+ Kh7 33. Nd7 g5 34.
Nf8+ Kh8 35. Nxe6+ Kh7 36. Nf8+ Kh8 37. hxg5 Qa1+ 38. Kh2 Qc1 39. Ng6+ Kh7 40.
Nf8+ Kh8 41. Nd7+ 41... Kh7 {.} 1/2-1/2

[Event "Open Oberwart  2001"]
[Site "Oberwart (Burgenland/Austria)"]
[Date "2001.07.14"]
[Round "8"]
[White "Dittmar, Peter"]
[Black "Gagarin, Vasilij"]
[Result "0-1"]
[WhiteElo "2348"]
[BlackElo "2431"]
[PlyCount "92"]
[EventDate "2001.07.14"]

1. b3 e5 2. Bb2 Nc6 3. c4 g6 4. Nf3 Bg7 5. e3 d6 6. d4 e4 7. Nfd2 f5 8. Nc3 Nf6
9. Be2 O-O 10. O-O Re8 11. Nd5 Be6 12. Nxf6+ Bxf6 13. Rb1 Bf7 14. b4 Bg7 15. b5
Nb8 16. Qc2 Nd7 17. a4 Nf6 18. a5 Qe7 19. Rfe1 h5 20. a6 b6 21. c5 g5 22. Rbc1
f4 23. cxb6 cxb6 24. Ba3 Qe6 25. Nc4 Bf8 26. Qd2 Nd5 27. f3 fxe3 28. Nxe3 Nxe3
29. Qxe3 Qg6 30. Rf1 Bg7 31. Rc7 Bd5 32. Bc4 Bxc4 33. Rxc4 exf3 34. Qxf3 Rf8
35. Qd5+ 35... Kh8 { } 36. Rcc1 Qd3 37. Bb2 Qe3+ 38. Kh1 Qe2 39. Rfe1 Qxb2 40.
Qxg5 Qxd4 41. Qxh5+ Kg8 42. Rc7 Qe5 43. Qd1 Qf5 44. h3 Be5 45. Qd5+ Kh8 46. Qd1
Rf6 0-1

[Event "Open Oberwart  2001"]
[Site "Oberwart (Burgenland/Austria)"]
[Date "2001.07.14"]
[Round "8"]
[White "Jurkovic, Ante"]
[Black "Medvegy, Zoltan"]
[Result "0-1"]
[WhiteElo "2308"]
[BlackElo "2430"]
[PlyCount "104"]
[EventDate "2001.07.14"]

1. e4 c5 2. Nf3 Nc6 3. d4 cxd4 4. Nxd4 e5 5. Nb5 d6 6. Be3 a6 7. N5c3 Nf6 8.
Bc4 Na5 9. Be2 Be7 10. Bg5 Be6 11. Bxf6 Bxf6 12. Nd5 Bg5 13. O-O Rc8 14. Nbc3
O-O 15. Kh1 Nc4 16. Bxc4 Rxc4 17. Qe2 Rc5 18. Rad1 Qb8 19. Rd3 Rfc8 20. Qh5 Bd8
21. Rg3 R8c7 22. Qh6 f6 23. f4 Rf7 24. f5 Bxd5 25. Nxd5 Rxc2 26. Qh5 Qc8 27.
Rh3 h6 28. Qd1 Rxb2 29. Rc3 29... Qd7 { } 30. h3 Rxa2 31. Qg4 Ra5 32. Rd1 Rf8
33. Kh2 Qf7 34. Rg3 Rc5 35. Qe2 Be7 36. Rg6 Rfc8 37. Rd3 Rxd5 38. Rxd5 Rc5 39.
Rd3 d5 40. exd5 Rxd5 41. Rdg3 Bf8 42. h4 Kh8 43. Qh5 Rd7 44. R3g4 b5 45. Re4 a5
46. Qe2 Qd5 47. Qc2 a4 48. Reg4 a3 49. Qc8 Rd8 50. Qc7 e4 51. Kh3 Qd1 52. Rg3
Qd7 0-1

[Event "Open Oberwart  2001"]
[Site "Oberwart (Burgenland/Austria)"]
[Date "2001.07.14"]
[Round "8"]
[White "Balinov, Ilia"]
[Black "Posch, Werner"]
[Result "1-0"]
[WhiteElo "2425"]
[BlackElo "2251"]
[PlyCount "91"]
[EventDate "2001.07.14"]

1. e4 Nf6 2. e5 Nd5 3. d4 d6 4. Nf3 dxe5 5. Nxe5 Nd7 6. Nxf7 Kxf7 7. Qh5+ Ke6
8. g3 b5 9. a4 c6 10. Bh3+ Kd6 11. Nc3 b4 12. Bf4+ Nxf4 13. Ne4+ Kc7 14. Qa5+
Nb6 15. Qe5+ Qd6 16. Nxd6 exd6 17. Qxf4 Bxh3 18. Qf7+ Bd7 19. O-O h5 20. h4 d5
21. Rfe1 Nc4 22. b3 Nd6 23. Qf4 Rh6 24. Re5 Rf6 25. Qg5 Bg4 26. Rae1 Nf7 27.
Re7+ Bxe7 28. Rxe7+ Kd6 29. Qe3 Re6 30. Rxe6+ Bxe6 31. Qe2 Bg4 32. f3 Bf5 33.
Qd2 Re8 34. Qxb4+ Kc7 35. c4 Be6 36. Qc5 Kb7 37. Kf2 dxc4 38. bxc4 { } 38...
Bd7 39. Qxh5 Nd6 40. Qc5 Re6 41. g4 Rf6 42. Kg2 g6 43. Kg3 Re6 44. Kf2 Ne8 45.
Kg2 Nd6 46. d5 1-0

[Event "Open Oberwart  2001"]
[Site "Oberwart (Burgenland/Austria)"]
[Date "2001.07.14"]
[Round "8"]
[White "Danner, Georg"]
[Black "Sulyok, Michael"]
[Result "1-0"]
[WhiteElo "2421"]
[BlackElo "2278"]
[PlyCount "59"]
[EventDate "2001.07.14"]

1. d4 Nf6 2. Nf3 g6 3. c4 c5 4. d5 b5 5. cxb5 a6 6. b6 Qxb6 7. Nc3 d6 8. e4 Bg4
9. a4 Nbd7 10. a5 Qb7 11. Be2 Bxf3 12. Bxf3 Bg7 13. O-O O-O 14. Be2 Rfb8 15. f4
Ne8 16. Bg4 Ra7 17. Qd3 c4 18. Qxc4 Nc5 19. Be3 Qb4 20. Qxb4 Rxb4 21. Bxc5 dxc5
22. e5 f6 23. Na4 Rb5 24. Nb6 Rxb2 25. Be6+ { } 25... Kf8 26. Nd7+ Rxd7 27.
Bxd7 Nc7 28. Rab1 Rxb1 29. Rxb1 fxe5 30. Rb7 1-0

[Event "Open Oberwart  2001"]
[Site "Oberwart (Burgenland/Austria)"]
[Date "2001.07.14"]
[Round "8"]
[White "Petrovic, Silvije"]
[Black "Weiss, Christian"]
[Result "0-1"]
[WhiteElo "2175"]
[BlackElo "2403"]
[PlyCount "72"]
[EventDate "2001.07.14"]

1. e4 c6 2. d4 d5 3. exd5 cxd5 4. Bd3 Nf6 5. c3 g6 6. Bf4 Bg7 7. Nf3 O-O 8.
Nbd2 Nc6 9. O-O Bf5 10. Bxf5 gxf5 11. Ne5 e6 12. Re1 Nd7 13. Ndf3 Ndxe5 14.
Nxe5 Nxe5 15. Bxe5 Bxe5 16. Rxe5 Kh8 17. Qh5 Qf6 18. Rae1 Rg8 19. R5e3 Rg5 20.
Qe2 Rg4 21. h3 Rg6 22. Rg3 f4 23. Rxg6 hxg6 24. Qf3 Kg7 25. Re5 b5 26. a3 a5
27. Kh2 Rc8 28. Qg4 b4 29. axb4 axb4 30. h4 bxc3 31. bxc3 Rxc3 32. h5 Rc8 33.
hxg6 33... Rh8+ { } 34. Kg1 Rh4 35. Qg5 Qxg5 36. Rxg5 f6 0-1

[Event "Open Oberwart  2001"]
[Site "Oberwart (Burgenland/Austria)"]
[Date "2001.07.14"]
[Round "8"]
[White "Lendwai, Reinhard"]
[Black "Herbst, Daniel"]
[Result "1/2-1/2"]
[WhiteElo "2380"]
[BlackElo "2118"]
[PlyCount "48"]
[EventDate "2001.07.14"]

1. e4 c5 2. c3 d5 3. exd5 Qxd5 4. d4 Nc6 5. Nf3 e5 6. dxe5 Qxd1+ 7. Kxd1 Bg4 8.
Bf4 Nge7 9. Nbd2 Ng6 10. Bg3 Ngxe5 11. Be2 Nxf3 12. Bxf3 Bxf3+ 13. Nxf3 O-O-O+
14. Kc2 Be7 15. Rhe1 Rd7 16. Rad1 Rxd1 17. Rxd1 Rd8 18. Re1 Bd6 19. Ng5 Bxg3
20. hxg3 Kd7 21. f4 Re8 22. Rd1+ Ke7 23. Re1+ Kd7 24. Rd1+ 24... Ke7 {.}
1/2-1/2